00434nam a2200157Ia 4500003000400000005001700004008004100021020001800062040000900080082001900089100002900108245005300137260003600190300000900226650004100235OSt20200515090752.0190216s9999||||xx |||||||||||||| ||und|| a9788171511051 coclc a297.272bHUS/H a Hussain, Shaikh Shaukat 0aHuman Rights In Islam /cShaikh Shaukat Hussain bKitabbhavan,c2011.aNew Delhi: a121p 0aHistory & geographyvIslamic History